header

The evolution of American investigative journalism (Record no. 184583)

MARC details
000 -LEADER
fixed length control field 01963nam a2200325Ia 4500
100 1# - MAIN ENTRY--AUTHOR NAME
Personal name Aucoin, James,
245 14 - TITLE STATEMENT
Title The evolution of American investigative journalism
260 ## - PUBLICATION, DISTRIBUTION, ETC. (IMPRINT)
Place of publication Columbia, Mo. :
Name of publisher University of Missouri Press,
Year of publication c2005.
300 ## - PHYSICAL DESCRIPTION
Number of Pages ix, 242 p.
505 0# - FORMATTED CONTENTS NOTE
Formatted contents note The tradition of exposure in American journalism -- The reemergence of investigative journalism, 1960-1975 -- Defining the practice, 1960-1975 -- The founding of IRE -- The Arizona project: IRE's unique contribution to American journalism -- IRE and the mainstreaming of investigative journalism -- A social practice.
520 ## - SUMMARY, ETC.
Summary, etc "History of American investigative journalism and the founding of the Investigative Reporters and Editors (IRE). Discusses the murder of investigative reporter Don Bolles and IRE's subsequent controversial Arizona Project. Applies the social-moral development theory of Alasdair MacIntyre to explain how the IRE contributed to the evolution of American investigative journalism"--Provided by publisher.
650 #0 - SUBJECT ADDED ENTRY--TOPICAL TERM
Topical Term Investigative reporting
856 40 - ELECTRONIC LOCATION AND ACCESS
Uniform Resource Identifier http://site.ebrary.com/lib/rucke/Doc?id=10128992

No items available.

© 2026 Rongo University
Contact us: librarian | system librarian | Rongo university